Optimalizácia výrobnej jednotky DBP2 diplomová práca

Salvato in:
Dettagli Bibliografici
Autore principale: Halás, Jozef
Natura: Libro
Lingua:slovacco
Pubblicazione: Bratislava STU FCHPT 2016
Accesso online:Visualizza in OPAC
Tags: Aggiungi Tag
Nessun Tag, puoi essere il primo ad aggiungerne!!

MARC

LEADER 00000nam a2200000 a 4500
005 20260127134415.0
008 160707 2016 000 0 slo d
035 |a vtls011565227 
039 9 |y 201607071223  |z mschk03 
040 |a STUSCHK1  |b slo  |c STUSCHK1  |e AACR2 
100 1 |a Halás, Jozef 
245 1 |a Optimalizácia výrobnej jednotky DBP2  |b diplomová práca  |c Jozef Halás 
260 |a Bratislava  |b STU FCHPT  |c 2016 
300 |a 84 s.  |b il.  |c 25 cm 
500 |a Študijný program: chemické inžinierstvo 
500 |a Študijný odbor: chemické inžinierstvo 
500 |a Školiace pracovisko: Ústav chemického a biochemického inžinierstva 
500 |a Evid. číslo: FCHPT-5433-43112 
910 |a SCHK95 
999 |c 12043  |d 12043